[Event "USA-ch Juniors 2018"]
[Site "Saint Louis"]
[Date "2018.07.15"]
[Round "4"]
[White "Chandra, Akshat"]
[Black "Tang, Andrew"]
[Result "1-0"]
[WhiteElo "2486"]
[BlackElo "2507"]
[Annotator "TA"]
[PlyCount "95"]
[EventDate "2018.07.12"]
[EventType "tourn"]
[EventCountry "USA"]
[SourceTitle "playchess.com"]
[Source "ChessBase"]
[SourceQuality "1"]

{[%evp 23,95,24,27,17,25,9,37,30,28,11,46,38,24,37,35,39,35,2,11,0,1,6,2,13,19,27,164,164,157,158,165,163,163,162,160,167,172,178,177,177,203,166,176,148,182,183,263,274,247,200,292,308,355,363,377,371,381,382,370,290,302,295,305,298,306,263,559,582,871,848,1002,739,1489,1447]} 1. e4 e5 2. Nf3 Nc6 3. Bb5 a6 4. Ba4 Nf6 5. O-O d6 6. Re1 Bd7 7. c3 g6 8. d4 b5 9. Bc2 Bg7 10. Nbd2 {[%cal Bb1d2,Bd2f1,Bf1g3][%mdl 32]} O-O 11. h3 {C79: Ruy Lopez: Steinitz-type lines with 3...a6 4 Ba4 Nf6 5 0-0 d6} Re8 12. Nf1 Na5 {[%cal Bc6a5,Ba5b7,Bb7c5,Bc5d3][%mdl 32] LiveBook: 3 Games} (12... exd4 13. cxd4 Nb4 14. Bb1 c5 15. dxc5 dxc5 16. e5 Nh5 {0-1 (31) Vallejo Pons,F (2707)-Van Foreest,J (2629) Riadh 2017}) 13. b3 {White has an edge.} c5 14. Ng3 c4 $146 ({Predecessor:} 14... Nb7 15. Be3 cxd4 16. cxd4 {1-0 (35) Geller,J (2489)-Kalinichev,A (2348) Dagomys 2004}) 15. d5 Nb7 16. bxc4 bxc4 17. Rb1 Qc7 18. Be3 Nc5 19. Qe2 Rec8 20. Qxc4 Bb5 $1 {[%cal Rb5c4]} 21. Qb4 Nd3 22. Bxd3 $1 Bxd3 23. Rbc1 Rab8 24. Qa4 Nd7 {[#]} (24... Qd7 $11 25. Qxd7 Nxd7) 25. c4 $1 $18 {[%mdl 512]} Bxc4 {[#]} 26. Rxc4 $1 {[%mdl 512]} Qxc4 27. Qxd7 Qc7 28. Qa4 Qc4 29. Qa3 {aiming for Rc1.} Qb4 30. Qxa6 {Hoping for a3.} Ra8 31. Qe2 Qa4 32. Ra1 f5 33. Bd2 f4 34. Nf1 Rc4 (34... Qc4 $142 35. Qe1 Rxa2) 35. Ng5 Bf6 36. Qg4 {Threatening mate with Qe6+.} Re8 (36... Bxg5 $142 37. Qxg5 Rxe4) 37. h4 {[%cal Bh3h4,Bh4g5][%mdl 32]} Bxg5 38. hxg5 ({Weaker is} 38. Qxg5 Rxe4 39. h5 Kg7 $18) 38... Rc7 39. Qf3 Rb8 40. a3 Kg7 41. g3 Rb3 42. Qd1 ({Worse is} 42. Qh1 fxg3 43. Be3 gxf2+ 44. Bxf2 Rf7 $11) 42... fxg3 43. Nxg3 Ra7 44. Kg2 Qc4 $2 (44... Rxa3 45. Rxa3 Qxa3) 45. Rc1 {White is clearly winning.} Qb5 46. Bb4 Rd3 47. Qf1 Qa6 48. Rc6 {Precision: White = 72%, Black = 50%.} 1-0

[Event "USA-ch Juniors 2018"]
[Site "Saint Louis"]
[Date "2018.07.15"]
[Round "4"]
[White "Balakrishnan, Praveen"]
[Black "Burke, John Michael"]
[Result "1/2-1/2"]
[WhiteElo "2411"]
[BlackElo "2608"]
[Annotator "TA"]
[PlyCount "88"]
[EventDate "2018.07.12"]
[EventType "tourn"]
[EventCountry "USA"]
[SourceTitle "playchess.com"]
[Source "ChessBase"]
[SourceQuality "1"]

{[%evp 24,88,7,0,0,0,0,0,4,4,6,7,4,0,0,0,0,0,0,0,0,0,36,33,45,35,36,0,0,0,0,0,0,0,0,0,0,0,0,0,0,0,0,0,0,0,0,0,0,0,0,0,0,0,0,0,0,0,0,0,0,0,0,0,0,0,0]} 1. e4 e5 2. Nf3 Nc6 3. d4 exd4 4. Nxd4 Nf6 5. Nxc6 bxc6 6. e5 Qe7 7. Qe2 Nd5 8. c4 Nb6 9. Nc3 Qe6 10. Qe4 g6 {C45: Scotch Game} 11. f4 (11. Bd2 Bg7 12. c5 Nd5 13. Bc4 Qxe5 14. Qxe5+ Bxe5 15. Bxd5 cxd5 16. O-O-O O-O 17. Nxd5 Rb8 18. Bc3 Bxc3 19. Nxc3 {1-0 (49) Yu,Y (2729)-Dominguez Perez,L (2739) Doha 2016}) 11... Bb4 12. Bd2 a5 13. Bd3 {LiveBook: 3 Games} O-O 14. O-O f5 15. exf6 Qxe4 $146 ({Predecessor:} 15... Qxf6 16. Be3 d5 17. Qf3 Bxc3 18. bxc3 Qxc3 {½-½ (58) Tomazini,Z (2395)-Sonis,F (2453) Balatonszarszo 2017}) 16. Nxe4 ({Much weaker is} 16. Bxe4 Bc5+ 17. Kh1 Nxc4 $17) 16... d5 $1 {[%cal Rd5e4]} 17. Bxb4 axb4 18. cxd5 cxd5 19. Nc5 Rxf6 20. Be2 Na4 21. Nxa4 Rxa4 22. Rfc1 Rxf4 23. Rxc7 Be6 24. Bd1 Ra6 25. Bb3 d4 {[#] Strongly threatening ...Bxb3.The position is equal.} 26. Rf1 Rxf1+ 27. Kxf1 Bxb3 28. axb3 $11 {[%mdl 4096] Endgame KR-KR} d3 29. Rd7 Ra2 30. Rxd3 Rxb2 31. Rf3 Kg7 32. Kg1 Kh6 33. Rh3+ Kg5 34. Rxh7 Rxb3 35. Kf2 Rc3 36. Rb7 b3 37. Rb4 Kf5 38. h4 Ke5 39. g4 Kd5 {Threatening ...Kc5.} 40. h5 gxh5 41. gxh5 Kc5 42. Rb8 Kc4 43. Rc8+ Kd3 44. Rxc3+ Kxc3 {Precision: White = 88%, Black = 81%.} 1/2-1/2

[Event "USA-ch Juniors 2018"]
[Site "Saint Louis"]
[Date "2018.07.15"]
[Round "4"]
[White "Bian, Alex"]
[Black "Patel, Advait"]
[Result "0-1"]
[WhiteElo "2291"]
[BlackElo "2461"]
[Annotator "TA"]
[PlyCount "62"]
[EventDate "2018.07.12"]
[EventType "tourn"]
[EventCountry "USA"]
[SourceTitle "playchess.com"]
[Source "ChessBase"]
[SourceQuality "1"]

{[%evp 14,62,14,5,23,14,8,0,32,-6,18,5,23,0,0,0,0,0,16,7,15,-8,-4,-15,-1,-5,-5,-112,-104,-182,-180,-191,-186,-347,-351,-352,-335,-446,-392,-387,-241,-897,-864,-1377,-947,-29989,-29990,-29990,-29991,-29991,-29991]} 1. e4 g6 2. d4 Bg7 3. Nc3 d6 4. g3 Nf6 5. Bg2 c6 6. Nge2 O-O 7. h3 e5 8. Be3 {LiveBook: 48 Games} Qe7 {B07: Pirc Defence: Miscellaneous Systems} (8... b5 9. dxe5 dxe5 10. Qxd8 Rxd8 11. Nc1 Nbd7 12. Nb3 a5 13. a4 b4 14. Nb1 c5 15. N1d2 Bb7 16. f3 Nh5 {1-0 (46) Vovk,A (2622)-Chatalbashev,B (2537) Fornebu 2017}) 9. Qd2 b5 $146 ({Predecessor:} 9... Nbd7 10. O-O-O b5 11. Rde1 Nb6 12. Bh6 a5 13. Bxg7 Kxg7 14. Kb1 b4 15. Nd1 Nc4 16. Qc1 {1-0 (39) Borsavolgyi,T (2280)-Benedek,Z (2140) Hungary 1997}) 10. a3 exd4 {The position is equal.} 11. Bxd4 Bb7 12. Rd1 Rd8 13. O-O Nbd7 14. Be3 Nc5 {[%cal Rf6e4]} 15. Bg5 Rd7 {[%cal Rc5e4]} 16. Qe3 a5 17. Nd4 b4 18. Nce2 Re8 {[%cal Rc5e4]} 19. axb4 axb4 {[%cal Rc5e4]} 20. f3 (20. e5 $1 $11 {keeps the balance.} Qxe5 21. Nxc6 Qxb2 22. Bxf6 Rxe3 23. Bxb2 Rxe2 24. Bxg7 Kxg7 25. Nxb4) 20... d5 $17 21. Nb3 {[#]} (21. e5 $17 {was worth a try.} Qxe5 22. Qxe5 Rxe5 23. Bd2) 21... Nxb3 $1 $19 22. Qxb3 Ba6 ({Resist} 22... dxe4 23. fxe4 Rxd1 24. Rxd1 $17) 23. Rfe1 $2 (23. Qe3) 23... dxe4 {Hoping for ...Rxd1.} 24. Rxd7 Qxd7 25. Qxb4 {[%cal Rf3e4]} exf3 26. Bxf3 Qxh3 $40 {[%mdl 128] Black has strong attack.} 27. c4 $2 (27. Bxf6 Bxf6 28. Bg4) 27... Ng4 28. Bg2 Qh5 29. Bf4 c5 {Black mates.} 30. Qd2 Bxc4 31. b3 {[#]} Bd4+ $1 {Precision: White = 28%, Black = 51%.} 0-1

[Event "USA-ch Juniors 2018"]
[Site "Saint Louis"]
[Date "2018.07.16"]
[Round "5"]
[White "Burke, John Michael"]
[Black "Chandra, Akshat"]
[Result "1/2-1/2"]
[WhiteElo "2608"]
[BlackElo "2486"]
[Annotator "TA"]
[PlyCount "60"]
[EventDate "2018.07.12"]
[EventType "tourn"]
[EventCountry "USA"]
[SourceTitle "playchess.com"]
[Source "ChessBase"]
[SourceQuality "1"]

{[%evp 24,60,21,19,15,16,17,0,17,14,12,12,9,4,25,0,0,4,4,-8,-6,-6,-7,-7,0,-8,-7,-12,-11,-17,-14,-8,0,0,0,0,0,0,0]} 1. e4 e5 2. Nf3 Nc6 3. d4 exd4 4. Nxd4 Nf6 {[%cal Bg8f6,Bf6d5,Bd5b6][%mdl 32]} 5. Nxc6 bxc6 6. e5 Qe7 7. Qe2 Nd5 8. c4 Nb6 9. Nc3 Qe6 10. Qe4 d5 {C45: Scotch Game} (10... g6 11. Bd2 Bg7 12. c5 Nd5 13. Bc4 Qxe5 14. Qxe5+ Bxe5 15. Bxd5 cxd5 16. O-O-O O-O 17. Nxd5 Rb8 18. Bc3 Bxc3 19. Nxc3 {1-0 (49) Yu,Y (2729)-Dominguez Perez,L (2739) Doha 2016}) 11. exd6 Qxe4+ 12. Nxe4 cxd6 13. Bd2 {LiveBook: 4 Games} Bf5 14. Ng3 Be6 15. b3 Be7 16. Be2 O-O 17. O-O {[#]} a5 $146 ({Predecessor:} 17... Rfc8 18. Rac1 a5 19. Be3 {½-½ (19) Cornette,M (2591)-Schroeder,J (2513) Rhodes 2015}) 18. Bf3 Rfc8 19. Be3 Nd7 {The position is equal.} 20. Rad1 a4 21. Ne4 axb3 22. axb3 d5 23. cxd5 Bxd5 24. Nd2 Nf6 25. Rc1 Rab8 26. Bc5 Bxc5 27. Rxc5 Bxf3 28. Nxf3 Rxb3 29. Nd4 Rb6 30. Rfc1 Nd7 {Precision: White = 54%, Black = 62%.} 1/2-1/2

[Event "USA-ch Juniors 2018"]
[Site "Saint Louis"]
[Date "2018.07.16"]
[Round "5"]
[White "Tang, Andrew"]
[Black "Li, Ruifeng"]
[Result "1/2-1/2"]
[WhiteElo "2507"]
[BlackElo "2583"]
[Annotator "TA"]
[PlyCount "172"]
[EventDate "2018.07.12"]
[EventType "tourn"]
[EventCountry "USA"]
[SourceTitle "playchess.com"]
[Source "ChessBase"]
[SourceQuality "1"]

{[%evp 15,172,0,2,-1,-1,0,13,11,10,18,32,16,15,24,14,27,17,14,29,20,21,7,28,33,103,87,96,88,136,145,143,135,147,86,100,33,28,33,119,114,105,32,32,21,50,49,43,0,0,0,0,0,0,0,41,23,26,24,33,7,7,14,76,82,79,0,0,0,0,-3,0,0,0,-3,-3,-3,0,0,0,-10,-9,-38,-31,-88,-88,-88,-88,-88,-51,-88,-44,-28,-10,-58,-58,-59,-59,-59,-58,-58,-58,-58,-58,-58,-58,-58,-51,-51,-51,-58,-58,-58,-58,-58,-58,-58,-58,-58,-58,-58,-51,-51,-51,-51,0,-7,0,0,0,0,0,0,0,0,0,0,0,0,0,0,0,0,0,0,0,0,0,0,0,0,0,0,0,0,0,0,0,0,0]} 1. d4 Nf6 2. Bf4 g6 3. e3 Bg7 4. Nf3 d6 5. h3 O-O 6. Be2 b6 7. O-O Bb7 8. a4 {[%cal Ba2a4,Ba4a5][%mdl 32]} a6 {LiveBook: 59 Games} 9. a5 {A48: 1 d4 Nf6 2 Nf3 g6: Torre, London and Colle Systems} (9. Nbd2 Nbd7 10. Bh2 Ne4 11. Nxe4 Bxe4 12. c3 e5 13. Nd2 Bb7 14. Bf3 Qc8 15. Qb3 Rb8 16. Rfd1 Re8 {½-½ (33) Howell,D (2676)-Demchenko,A (2660) Riadh 2017}) 9... b5 10. c4 bxc4 11. Bxc4 Nbd7 12. Nc3 e6 $146 ({Predecessor:} 12... Ra7 13. Re1 Qa8 14. b4 Nh5 15. Bg5 Qd8 16. d5 Ne5 17. Be2 Nxf3+ 18. Bxf3 Nf6 19. Qd2 Nd7 20. Ra4 Ne5 21. Be2 c5 {½-½ (21) Madsen,H (2129)-Letay,G (2107) Budapest 2010}) 13. Qe2 Qe7 14. Rfd1 d5 15. Bd3 c5 {[%cal Bc7c5,Bc5c4][%mdl 32]} 16. Na4 c4 17. Bc2 Bc6 18. Nc3 Nh5 19. Bh2 f5 (19... Rfc8 $14) 20. b3 $1 $16 cxb3 21. Bxb3 Qb4 22. Qa2 {[%cal Rc3d5]} Qe7 ({But not} 22... Qxc3 $2 23. Rac1 $18) 23. Rac1 Rac8 24. Ne2 (24. Rd2 $142) 24... Bb5 25. Nf4 ({Better is} 25. Re1 $16) 25... Nxf4 $14 26. Bxf4 Bf6 ({Black should try} 26... Nf6 $1 $14) 27. Ba4 $16 Bc4 28. Qb2 (28. Qb1 $16) 28... Nc5 $1 $14 {[%cal Rc5a4]} 29. Bc2 Be2 30. Re1 Bb5 31. Qa2 Ne4 32. Bxe4 fxe4 33. Ne5 g5 34. Bg3 Kg7 35. Qb2 Bxe5 36. Bxe5+ Kg6 37. Rc5 Rxc5 38. dxc5 Qxc5 (38... Rc8 $11) 39. Rc1 $1 $16 {[%cal Rc1c5]} Bc4 {[#]} 40. Qb6 (40. Qb7 $1 $16 {[%cal Rb7g7] White wants to mate with Qg7+.} Rf7 {[#]} 41. Qxa6 $1 {[%mdl 512]} Bxa6 42. Rxc5) 40... Qc8 $1 $11 41. Rb1 Qd7 42. Bc3 h5 43. Qd4 Bb5 $1 44. Qe5 Qf7 $36 {[%mdl 2048] Black is pushing.} 45. Rb2 h4 46. f3 exf3 47. gxf3 Rg8 48. Rg2 (48. Rf2 {feels hotter.} Qf5 49. Qd4 Kh5 50. Qg4+ Kh6 51. e4) 48... Qf5 49. f4 (49. Qf4 $15) 49... Qxe5 $17 50. Bxe5 {[%mdl 4096] Endgame KRB-KRB} Kf5 51. Bd4 Bd7 52. Kf2 Ke4 {And now ...e5 would win.} 53. Bf6 d4 54. Bxd4 e5 $1 {[%cal Re5d4]} 55. Bb2 exf4 56. exf4 Kxf4 57. Bc1+ Kf5 {Strongly threatening ...Kf6.} 58. Kg1 $1 Kf6 59. Kh2 Bf5 60. Bd2 Rg6 61. Bc3+ Ke7 62. Bd2 g4 63. hxg4 Bxg4 64. Be1 h3 $1 {[%cal Rh3g2]} 65. Rg1 Kf6 66. Bh4+ Kg7 67. Bf2 Kh6 68. Rb1 Be6 69. Bg3 Rg4 (69... Kg5 $15) 70. Re1 {The position is equal.} Bf5 71. Re5 Kg5 {...Ra4 is the strong threat.} 72. Kxh3 Ra4+ 73. Kg2 Kg4 74. Be1 Ra2+ 75. Kg1 Kf4 76. Rc5 Bd3 77. Rc3 Ke3 {aiming for ...Ra1.} 78. Bf2+ Ke2 79. Bb6 Ra4 80. Rc6 Rh4 81. Rf6 Be4 {[%csl Ge4][%cal Rh4h1]} 82. Rf2+ Kd3 {[%csl Ge4][%cal Rh4h1]} 83. Rf6 Rh3 84. Kf2 Rh2+ 85. Kg3 Rg2+ 86. Kf4 {Black must now prevent Rd6+.} Bd5 {Precision: White = 73%, Black = 56%.} 1/2-1/2

[Event "USA-ch Juniors 2018"]
[Site "Saint Louis"]
[Date "2018.07.16"]
[Round "5"]
[White "Patel, Advait"]
[Black "Balakrishnan, Praveen"]
[Result "1/2-1/2"]
[WhiteElo "2461"]
[BlackElo "2411"]
[Annotator "TA"]
[PlyCount "63"]
[EventDate "2018.07.12"]
[EventType "tourn"]
[EventCountry "USA"]
[SourceTitle "playchess.com"]
[Source "ChessBase"]
[SourceQuality "1"]

{[%evp 20,63,32,23,72,72,78,57,72,74,67,0,1,0,6,3,22,28,37,0,0,0,0,0,0,0,0,0,0,0,35,43,44,0,0,0,6,0,0,0,0,0,0,0,0,0]} 1. e4 c5 2. Nf3 e6 3. d4 cxd4 4. Nxd4 Nc6 5. Nc3 Qc7 6. Be2 a6 7. O-O b5 8. Nxc6 Qxc6 9. e5 Bb7 10. Bf3 Qc7 {B47: Sicilian: Taimanov: 5 Nc3 Qc7 6 f4, 6 g3 and 6 Be2} 11. Re1 {LiveBook: 3 Games. Threatening Bxb7.} f5 $146 ({Predecessor:} 11... Ne7 12. Ne4 Nf5 13. Bf4 Nh4 14. Bh5 Ng6 15. Bg3 Be7 16. Qd4 Rc8 17. Bf3 Rd8 18. Nd6+ Bxd6 19. exd6 Qc8 20. Bxb7 Qxb7 21. Qxg7 Rc8 22. h4 h5 23. Re5 Rf8 24. Rg5 {1-0 (24) Chernyshov,K (2505)-Jolowicz,M (2255) Dresden 1995}) 12. exf6 Nxf6 {White is better.} 13. Bg5 Be7 14. Bxb7 Qxb7 15. Qd3 ({White should try} 15. Bxf6 $1 $14 Bxf6 16. Qh5+ g6 17. Qh6) 15... O-O $11 16. Rad1 Rac8 17. Ne4 Qc6 18. Bxf6 Bxf6 19. Nd6 ({Much weaker is} 19. Qxd7 Qxd7 20. Rxd7 Rxc2 $15) 19... Rc7 20. c3 Qb6 21. Re2 Rc5 {[#] And now ...Rd5 would win.} 22. Ne4 Rd5 23. Qc2 Rxd1+ $1 24. Qxd1 d5 25. Nxf6+ Rxf6 26. Qd4 Qxd4 {The position is equal.} 27. cxd4 {KR-KR} Rf4 28. Rd2 Rf8 29. Rc2 Rf4 30. Rd2 $1 Rf8 31. Rc2 Rf4 32. Rd2 $1 {Precision: White = 66%, Black = 60%.} 1/2-1/2

[Event "USA-ch Juniors 2018"]
[Site "Saint Louis"]
[Date "2018.07.16"]
[Round "5"]
[White "Brattain, Mika"]
[Black "Liang, Awonder"]
[Result "0-1"]
[WhiteElo "2399"]
[BlackElo "2569"]
[Annotator "TA"]
[PlyCount "70"]
[EventDate "2018.07.12"]
[EventType "tourn"]
[EventCountry "USA"]
[SourceTitle "playchess.com"]
[Source "ChessBase"]
[SourceQuality "1"]

{[%evp 9,70,0,43,35,41,23,26,28,14,8,24,1,0,-12,22,27,25,27,37,25,30,31,87,86,175,169,132,0,13,39,47,-30,0,-81,-87,-77,-67,-105,-112,-146,-134,-135,-113,-237,-199,-200,-197,-229,-224,-210,-215,-321,-312,-348,-353,-347,-359,-350,-350,-348,-345,-407,-402]} 1. d4 Nf6 2. c4 g6 3. Nc3 d5 4. Nf3 Bg7 5. h4 (5. e3 O-O 6. Bd2 dxc4 7. Bxc4 Nbd7 8. e4 c5 9. d5 Ne8 10. Qe2 a6 11. a4 Nd6 12. Bd3 Ne5 13. Nxe5 Bxe5 14. O-O e6 15. Be3 exd5 16. Nxd5 {½-½ (25) Mamedyarov,S (2808)-Vachier Lagrave,M (2789) Stavanger 2018}) 5... e6 6. Bg5 {D90: Grünfeld: 4 Nf3 Bg7 sidelines} h6 7. Bxf6 Bxf6 8. Qb3 $146 {[%cal Rc4d5] White has an edge.} ({Predecessor:} 8. e3 O-O 9. Bd3 dxc4 10. Bxc4 c5 11. Qd2 cxd4 12. exd4 Nc6 13. Qxh6 {½-½ (58) Chiku Ratte,O (2317)-Vettese,N (2155) Montreal 2017}) 8... dxc4 9. Qxc4 Bg7 10. e4 a6 11. Rd1 O-O (11... b5 $5 {[%cal Rb5c4]} 12. Qb3 Qe7 $11) 12. e5 b5 13. Qd3 Bb7 14. h5 {[%cal Bh4h5,Bh5h6][%mdl 32]} g5 $1 15. Ne4 Re8 (15... Nd7 $14) 16. Nfxg5 $16 hxg5 (16... Nd7 $16) 17. h6 $18 Bh8 18. Rh5 (18. h7+ $16 Kf8 19. Nf6) 18... Bxe4 $1 $11 19. Qxe4 Nd7 20. Rd3 (20. Be2 $14) 20... f5 21. exf6 (21. h7+ $1 $11 Kf7 22. Qe3) 21... Nxf6 $17 22. Rxg5+ Kf8 23. Rf3 {[#] Intending Qh7 and mate.} Ke7 $1 24. Qh4 Rg8 25. Rxg8 Qxg8 26. a4 (26. Rg3 $17 {was worth a try.} Qd8 27. Be2) 26... Qg4 27. Qxg4 Nxg4 28. Rc3 Bxd4 29. Rxc7+ Kd6 30. Rf7 (30. Rc2 $142) 30... Nxh6 $19 31. Rh7 Ng4 ({Less strong is} 31... Bxb2 32. Rxh6 bxa4 33. Bc4 $15) 32. axb5 axb5 ({Don't do} 32... Bxb2 33. Rh4 $19) 33. Bxb5 {White hopes to continue with Rd7+.} Bxf2+ 34. Ke2 {intending Rg7.} Rb8 35. Ba4 Rxb2+ {Precision: White = 39%, Black = 62%.} 0-1

[Event "USA-ch Juniors 2018"]
[Site "Saint Louis"]
[Date "2018.07.16"]
[Round "5"]
[White "Wang, Annie"]
[Black "Bian, Alex"]
[Result "0-1"]
[WhiteElo "2299"]
[BlackElo "2291"]
[Annotator "TA"]
[PlyCount "156"]
[EventDate "2018.07.12"]
[EventType "tourn"]
[EventCountry "USA"]
[SourceTitle "playchess.com"]
[Source "ChessBase"]
[SourceQuality "1"]

{[%evp 12,156,35,29,52,33,57,18,12,12,8,15,72,0,54,57,51,51,75,-11,-14,-6,-12,-8,-8,-43,-26,-43,-36,-81,-66,-69,-63,-73,-46,-90,-69,-65,-64,-75,-73,-68,-66,-76,-74,-70,-71,-69,-52,-66,-42,-53,-35,-51,-18,-27,2,7,37,38,56,-12,-14,-168,-170,-172,-175,-170,-160,-163,-165,-170,-168,-167,-161,-145,-170,-259,-174,-204,-129,-129,-126,-129,-129,-139,-129,-139,-129,-129,-129,-129,-129,-139,-139,-139,-139,-139,-139,-139,-139,-139,-139,-139,-139,-139,-88,-129,-92,-109,-72,-129,-36,-129,-86,-88,-87,-87,-15,-88,-45,-102,-88,-149,-149,-315,-315,-315,-140,-140,-140,-140,0,0,0,-29971,-29973,-29974,-29974,-29975,-29976,-29976,-29977,-29977,-29977,-29977,-29979]} 1. d4 g6 2. c4 Bg7 3. Nf3 e6 4. Nc3 Ne7 5. e3 O-O 6. Be2 {A40: Unusual replies to 1 d4} d5 7. O-O {LiveBook: 4 Games} dxc4 $146 ({Predecessor:} 7... Nbc6 8. Qc2 b6 9. Rd1 Bb7 10. a3 Ba6 11. b3 Na5 12. Qa2 c5 13. Bb2 cxd4 14. Nxd4 Rc8 15. cxd5 Bxe2 16. Ndxe2 exd5 {½-½ (61) Bocharov,D (2574)-Motylev,A (2665) Sochi 2017}) 8. Bxc4 {White is slightly better.} b6 9. b3 c5 10. Bb2 cxd4 11. Nxd4 {Black should prevent Qf3.} Bb7 (11... Nbc6 $11 {remains equal.}) 12. Qe2 (12. Ba3 $16) 12... a6 (12... Nbc6 $11) 13. Rfd1 $14 Qc7 14. Rac1 Nbc6 15. Nxc6 (15. Nxe6 $16 fxe6 16. Bxe6+ Kh8 17. Rd7) 15... Qxc6 $11 {[%csl Gb7][%cal Rc6g2]} (15... Bxc6 $6 16. Bxa6 Qa7 17. Bd3 $16) 16. f3 {Black must now prevent Ne4.} b5 $1 {[%cal Rb5c4]} 17. Bd3 {[%cal Rc3b5]} Qb6 18. Kh1 Rac8 19. Bb1 Rc7 (19... Qa5 {is interesting.} 20. Qd2 Rfd8 21. Qe2 Nf5 22. e4 Nd4) 20. Ne4 Rxc1 21. Bxc1 Rc8 22. Bd2 Nd5 23. Nf2 Nc3 24. Bxc3 $1 Rxc3 25. e4 Bd4 {[%cal Bg7d4,Bd4c5,Bc5e7,Be7d8,Bd8c7][%mdl 32]} 26. Qd2 e5 27. Nd3 {[%cal Bf2d3,Bd3c1,Bc1e2,Be2c3,Bc3d5][%mdl 32]} a5 28. Nc1 Rc8 29. Ne2 {[%cal Re2d4]} Bc5 30. h3 Be7 31. Nc3 Qc5 32. Nd5 Bd8 (32... Bxd5 $5 33. exd5 b4 $11) 33. b4 Qa7 34. bxa5 Rc4 35. Qb2 Bxd5 36. Qxe5 ({White should play} 36. Qxb5 $14 Qxa5 37. Qe8+ (37. Qxd5 Qxd5 38. Rxd5 Bg5 $11) (37. Rxd5 $2 Qe1+ 38. Kh2 Bh4 $19) 37... Kg7 38. Qxe5+ (38. exd5 Rd4 $11) 38... Bf6 39. Qxd5 Qxd5 40. exd5) 36... Bc7 37. Qxd5 $2 (37. Qe8+ $11 Kg7 38. exd5) 37... Qe3 $1 $19 {And now ...Rc1 would win.} 38. e5 Bxe5 39. Be4 ({But not} 39. Qxb5 $2 Qf4 $19) 39... Rd4 40. Qxe5 ({Avoid the trap} 40. Qa8+ $2 Kg7 $19) 40... Rxd1+ $17 {[%mdl 4096] Endgame KQR-KQB} 41. Kh2 Qg1+ 42. Kg3 Qe1+ 43. Kh2 Qxa5 44. a4 (44. Qe8+ $142 Kg7 45. Qe5+ Kf8 46. Qh8+ Ke7 47. Qe5+ Kd7 48. Bd5) 44... Qb6 $19 ({Weaker is} 44... Qxa4 45. Qe8+ Kg7 46. Qe5+ Kf8 47. Qb8+ Ke7 48. Qc7+ Kf6 49. Bc2 $11) 45. axb5 Qd6 46. Qxd6 Rxd6 $17 {KR-KB} 47. Kg3 {[#]} f6 $1 {[%cal Bf7f6,Bf6f5][%mdl 32]} 48. h4 Kg7 49. Kf4 f5 50. Bc6 {next Ke5 is good for White.} Kf6 51. Ke3 Ke5 52. g3 Rd1 53. f4+ Kd6 54. Ke2 Rg1 55. Kf2 Rb1 56. Ke2 Kc5 57. Ke3 Rb3+ 58. Kf2 Kd4 (58... Kb6 $142 59. h5 gxh5) 59. Be8 Rb2+ 60. Kf3 Kd3 61. Bc6 (61. h5 $142) 61... Kd2 (61... Kc4 $17 {Hoping for ...Rd2.} 62. h5 gxh5) 62. Kf2 (62. h5 $1 $15) 62... Kd1+ 63. Kf1 Kc1 64. Kg1 Kb1 (64... Kc2 $17 {...Kd3 is the strong threat.} 65. Kg2 Kd3+ 66. Kh3 h6) 65. Kf1 (65. h5 $1 $11) 65... Ka2 66. Kg1 (66. Bd5+ $15 Ka1 67. Bc4) 66... Ka3 67. Kf1 (67. h5 $142) 67... Kb4 68. Kg1 $2 (68. Be8 $17) 68... Kc4 $19 69. Kf1 Kc5 (69... Kd4 $19 {and Black stays clearly on top.} 70. Kg1 Kc5) 70. Ke1 Kb6 71. Kf1 Rxb5 ({Black should try} 71... Kc7 $17 {Threatens to win with ...Kb6.} 72. Kg1 Kb6) 72. Bxb5 $11 Kxb5 $17 {K3P-K3P} 73. Ke2 $2 {[%mdl 8192]} (73. Kg2 $11) 73... Kc4 {Black mates.} 74. Kd2 Kd4 75. Ke2 Ke4 76. Kf2 {[#]} Kd3 $1 77. Kf3 Kd2 78. Kf2 h5 {Precision: White = 38%, Black = 55%.} 0-1